Geography by Letter on the Map of Europe - D - Statistics

General Stats
  • This quiz has been taken 11,944 times
  • The average score is 7 of 20
Answers on the Map
Answers color-coded by a green-red scale on the quiz's map according to % correct below.
 
Answer Stats
Answer % Correct
Denmark
97%
Danube
96%
Dover
75%
Dalmatia
63%
Dundee
61%
Don
53%
Dresden
53%
Dardanelles
51%
Dnipropetrovsk
34%
Douro
28%
Dolomites
27%
Dagestan
18%
Dniester
18%
Debrecen
15%
Dinaric Alps
14%
Dodecanese
12%
Daugava
9%
Dom
5%
Dobruja
4%
Dent Blanche
1%
No matching quizzes found
Score Distribution
Percent of People with Each Score
Percentile by Number Answered
Your Score History
You have not taken this quiz